| 000 | 00843cam a2200265 i 4500 | ||
|---|---|---|---|
| 999 |
_c9467 _d9467 |
||
| 001 | 2751814 | ||
| 003 | OSt | ||
| 005 | 20191224101409.0 | ||
| 008 | 790731s1978 ii b 001 0 eng | ||
| 010 | _a 78907147 | ||
| 040 |
_aDLC _cDLC _dDLC |
||
| 043 | _ad------ | ||
| 050 | 0 | 0 |
_aHJ192 _b.T7 1978 |
| 082 | 0 | 0 |
_a336.091724 _bTRI/P |
| 100 | 1 |
_aTripathy, Ram Niranjan _9710 |
|
| 245 | 1 | 0 |
_aPublic finance in under-developed countries / _cby Ram Niranjan Tripathy. |
| 250 | _a3d rev. ed. | ||
| 260 |
_aCalcutta : _bWorld Press, _c1978. |
||
| 300 |
_axiii, 401 p. ; _c22 cm. |
||
| 500 | _aIncludes index. | ||
| 504 | _aBibliography: p. 385-394. | ||
| 650 | 0 |
_aFinance, Public _zDeveloping countries. |
|
| 906 |
_a7 _bcbc _corignew _d4 _encip _f19 _gy-gencatlg |
||
| 942 |
_2ddc _cBK _h336.091724 _iTRI/P _k336.091724 _mTRI/P |
||